Представление документа в формате MARC21

Поле Инд. ПП Название Значение
Тип записи a
Библиографический уровень a
001 Контрольный номер b954c4dd16bd464f9e5406a9c28312d7
005 Дата корректировки 20180409143723.8
020 a ISBN 978-5-7609-0971-8
040 a Служба первич. каталог. НБ ТвГУ
b Код языка каталог. rus
e Правила каталог. PSBO
041 0_ a Код языка текста rus
097 b Оператор batjaeva_g
100 1_ a Автор Иванова Галина Дмитриевна
q Полное имя Иванова Г. Д.
245 10 a Заглавие Динамические голограммы в наносуспензии
260 a Место издания Тверь
b Издательство Тверской государственный университет
504 a Библиография Библиогр.: с. 124-125 (12 назв.)
520 0_ a Аннотация Проведен теоретический анализ эффективности записи динамических голограмм в дисперсной жидкофазной среде с электрострикционной нелинейностью. Показано, что при большой интенсивности излучения амплитуды первых гармоник нелинейно зависят от величины последней.
653 0_ a Ключевые слова Электрострикция
a Ключевые слова Дисперсная среда
a Ключевые слова Динамическая голография
700 12 a Другие авторы Кирюшина Светлана Ивановна
q Полное имя Кирюшина С. И.
700 12 a Другие авторы Мяготин Артем Владимирович
q Полное имя Мяготин А. В.
773 18 w Контрольный № источника 9994464931ab44c0bbc2935be4440591
t Название источника Физико-химические аспекты изучения кластеров, наноструктур и наноматериалов
d Место и дата издания Тверь : Тверской государственный университет, 2014
g Прочая информация Вып. 6. - С. 122-125
856 40 u URL http://texts.lib.tversu.ru/texts/11583t.pdf
x Примечание для ЭОР Справка УИС 2016
i Дата подключения ЭОР 20170414
x Примечание для ЭОР Реестр суммарного учета сетевых локальных документов
900 a Имя макрообъекта 11583t
901 t Тип документа a
920 a Оператор Батя